| 000 | 01302nac a22004337a 4500 | ||
|---|---|---|---|
| 001 | BR0300377 | ||
| 003 | BR-BrBNA | ||
| 005 | 20240105122742.0 | ||
| 008 | 230509b bl.|||m| |||| 00| 0 por d | ||
| 040 |
_aBR-BrBNA _bpor _cBiblioteca Nacional de Agricultura |
||
| 072 | _aF01; F07 | ||
| 090 | _a0430 BR0300377 | ||
| 100 | 1 | _aMedeiros, J. da C. | |
| 100 | 1 | _aCarvalho, M. da C.S.Freire, E.C. | |
| 100 | 1 | _aMorello, C. de L. | |
| 100 | 1 | _aOliveira, J.P. de | |
| 100 | 1 | _aLeandro, W.M. | |
| 100 | 1 | _aBarbosa, K. de A. | |
| 100 | 1 | _aDel´Acqua, J.M. | |
| 100 | 1 | _aFernandes, J.I. | |
| 100 | 1 | _aSantos, J.W. dos | |
| 110 | 1 |
_aEMBRAPA Algodão, Campina Grande, PB (Brasil) _93546 |
|
| 245 | 1 | _aManejo da cultura do algodão com resultados de pesquisa em Goiás | |
| 260 | 3 |
_aCampina Grande, PB (Brasil): _c2002. |
|
| 300 | _a17 p. | ||
| 490 |
_aDocumentos - EMBRAPA Algodão (Brazil) _vno. 98 _xISSN0103-0205 |
||
| 500 | _a10 illus.; 5 ref. | ||
| 650 | _aALGODÃO | ||
| 650 | _aPRODUÇÃO VEGETAL | ||
| 650 | _aMANEJO DO SOLO | ||
| 650 | _aADUBAÇÃO | ||
| 650 | _aCALAGEM | ||
| 650 | _aROTAÇÃO DE CULTURA | ||
| 650 | _aRENDIMENTO | ||
| 650 | _aCONDIÇÃO AMBIENTAL | ||
| 650 | _aGOIÁS | ||
| 909 |
_a202312 _bLúcia Elande _c55 _dLúcia Elande |
||
| 942 |
_2AGRIS _n0 _cMS |
||
| 999 |
_c292650 _d292650 |
||